|
|
|
|
| LEADER |
00000nam a2200000Ii 4500 |
| 001 |
DIGARCOL0278 |
| 003 |
NyNyDIG |
| 006 |
m o d |
| 007 |
cr ||||||||||| |
| 008 |
241001s2009 sp ob 000 0 spa d |
| 035 |
|
|
|a (OCoLC)1402383903
|
| 040 |
|
|
|a DGITA
|b eng
|e rda
|e pn
|c DGITA
|
| 020 |
|
|
|z 9788476357699
|
| 043 |
|
|
|a e-sp---
|a e-gx---
|
| 050 |
1 |
4 |
|a DP86.G3 ebook
|
| 100 |
1 |
|
|a Ros Agudo, Manuel,
|d 1962-
|e author.
|
| 245 |
1 |
0 |
|a Franco/Hitler 1940 :
|b de la gran tentación al gran engaño /
|c Manuel Ros Agudo.
|
| 264 |
|
1 |
|a Madrid :
|b Arco/Libros, S. L.,
|c [2009]
|
| 300 |
|
|
|a 1 online resource.
|
| 336 |
|
|
|a text
|b txt
|2 rdacontent
|
| 337 |
|
|
|a computer
|b c
|2 rdamedia
|
| 338 |
|
|
|a online resource
|b cr
|2 rdacarrier
|
| 347 |
|
|
|a text file
|2 rdaft
|
| 347 |
|
|
|b PDF
|
| 490 |
1 |
|
|a Cuadernos de historia ;
|v 104
|
| 504 |
|
|
|a Includes bibliographical references.
|
| 588 |
0 |
|
|a Online resource; title from PDF title page (Digitalia, viewed October 1, 2024)
|
| 650 |
|
0 |
|a World War, 1939-1945
|z Spain.
|
| 650 |
|
0 |
|a Spain
|x Foreign relations
|z Germany.
|
| 650 |
|
0 |
|a Germany
|x Foreign relations
|z Spain.
|
| 791 |
2 |
|
|a Digitalia (Firm),
|e distributor.
|
| 793 |
0 |
|
|g Digitalia eBook Collection:
|a Arco/Libros
|
| 776 |
0 |
8 |
|i Print version:
|a Ros Agudo, Manuel, 1962-
|t Franco/Hitler 1940.
|d Madrid : Arco/Libros, S. L., [2009]
|z 9788476357699
|
| 830 |
|
0 |
|a Cuadernos de historia (Arco Libros) ;
|v 104.
|
| 856 |
4 |
0 |
|3 Digitalia Hispánica
|u https://www.digitaliapublishing.com/a/138278/
|
| 910 |
|
|
|a Premium collection: 2024
|